San Francisco de Asís: en la historia, en la leyenda, en el arte

Wedi'i Gadw mewn:
Manylion Llyfryddiaeth
Prif Awdur: Facchinetti, Victorino (Awdur)
Fformat: Llyfr
Iaith:Sbaeneg
Cyhoeddwyd: Barcelona Biblioteca Franciscana 1925
Pynciau:
Tagiau: Ychwanegu Tag
Dim Tagiau, Byddwch y cyntaf i dagio'r cofnod hwn!

MARC

LEADER 00000nam a2200000 a 4500
001 UCI6443
003 CL-VaPUC
008 080509e19250000SP |||||||||||||||||spa|d
082 0 4 |a 922.22  |b FAC  |2 21 
100 0 |a Facchinetti, Victorino  |e author  |9 529362 
245 1 0 |a San Francisco de Asís: en la historia, en la leyenda, en el arte 
300 |a 2 v 
942 |c BK 
945 |d 20080509 00:00:00  |a rbrito 
260 |a Barcelona  |b Biblioteca Franciscana  |c 1925 
600 0 7 |a SAN FRANCISCO DE ASIS  |2 CL-VaPUC  |9 342281 
650 0 |a Biografías  |9 255210 
650 7 |a SANTOS  |2 CL-VaPUC  |9 313738 
650 0 |a Vida religiosa  |9 257284 
650 0 |a Espiritualidad   |9 267331 
583 |a last modification  |c 20080509 00:00:00  |k Rodrigo Vera 
999 |c 329954  |d 329952 
952 |0 0  |1 0  |4 0  |6 922_220000000000000_FAC_1925  |7 0  |8 X  |9 415204  |a FDOBUD  |b FDOBUD  |d 2019-11-22  |h v.1  |i 4437586  |o 922.22 FAC 1925  |p 4437586  |r 2019-11-22  |w 2019-11-22  |y BK_X  |k BUD 
952 |0 0  |1 0  |4 0  |6 922_220000000000000_FAC_1925  |7 0  |8 X  |9 415205  |a FDOBUD  |b FDOBUD  |d 2019-11-22  |h v.2  |i 4437594  |o 922.22 FAC 1925  |p 4437594  |r 2019-11-22  |w 2019-11-22  |y BK_X  |k BUD